Statistics for The Seven Days in Seven European Languages

Click here to take the quiz!

General Stats

  • This quiz has been taken 121 times
    (115 since last reset)
  • The average score is 18 of 49

Answer Stats

Answer% Correct
Lundi
73%
Montag
69%
Mardi
68%
Mercredi
64%
Dimanche
61%
Lunes
61%
Freitag
59%
Sonntag
59%
Sábado
58%
Sábado
58%
Samedi
58%
Domingo
57%
Domingo
57%
Jeudi
57%
Martes
55%
Vendredi
55%
Mittwoch
53%
Samstag
53%
Dienstag
51%
Donnerstag
50%
Miércoles
49%
Jueves
46%
Viernes
43%
Lunedì
37%
Sabato
32%
Domenica
31%
Mercoledì
31%
Martedì
30%
Venerdì
26%
Giovedì
24%
Zondag
21%
Maandag
20%
Quarta-feira
19%
Quinta-feira
19%
Sexta-feira
19%
Terça-feira
19%
Segunda-feira
18%
Vrijdag
17%
Donderdag
16%
Woensdag
16%
Dinsdag
15%
Zaterdag
15%
dies Martis
7%
dies Mercuri
7%
dies Lunae
6%
dies Saturni
5%
dies Jovis
4%
dies Solis
4%
dies Veneris
3%

Score Distribution

Percentile by Number Answered

Percent of People with Each Score

Your Score History

You have not taken this quiz since the last reset